000 00510nam a2200169Ia 4500
008 220216s9999 xx 000 0 und d
100 _aBhatia P K
245 0 _aCell wall proteins and tapping panel dryness syndrome in rubber (Hevea brasiliensis)
260 _bIndian Journal of Natural Rubber Research
_c1994
300 _a59-62
650 _aCell wall proteins
650 _aHevea brasiliensis
650 _aTappning panel dryness
700 _aThomas K U
700 _aVaidyanathan C S
942 _cJS
999 _c55254
_d55254